000
00271nam a2200109Ia 4500
008
230907s9999||||xx |||||||||||||| ||und||
082
_a
333.9539,KOI
100
_a
Koizumi, Tatsuji.
_9
115185
245
0
_a
Biofuels and food security:
300
_a
xi, 121p.:
942
_c
BK
999
_c
597790
_d
597790